000 00597nam a2200229Ia 4500
003 OSt
005 20220918201506.0
006 a|||||r|||| 00| 0
007 ta
008 220917b |||||||| |||| 00| 0 eng d
024 _a94,331
037 _cTextual
040 _aARTS
_cARTS
_beng
041 _2eng
_aeng
082 _aV1N45, K5
100 _aShippen Katheine B
_999038
245 0 _aPool of knowledge
_b how the United Nations share their skills
260 _c1965
650 _aHISTORY
942 _hV1N45, K5
_cTEXL
_2CC
999 _c217956
_d217956